Widok standardowy
Widok MARC
Pozycja Personal Name
Liczba rekordów, w których użyto hasła: 1
001 - Numer kontrolny
- control field: 40710
003 - Identyfikator numeru kontrolnego
- control field: NUKAT
005 - Data i czas ostatniej modyfikacji
- control field: 20260427215213.0
008 - Dane kontrolne kodowane (40 znaków)
- fixed length control field: 040906n||a|znnaabn |a aaa |c
010 ## - Numer kontrolny Biblioteki Kongresu
- numer kontrolny LC: n 2004086740
024 7# - OTHER STANDARD IDENTIFIER
- Standard number or code: 102141526
- Source of number or code: viaf
024 7# - OTHER STANDARD IDENTIFIER
- Standard number or code: 0000000424478439
- Source of number or code: isni
040 ## - Instytucja sporządzająca rekord
- inst. przygot. dane do rek. khw: GD U/as
- język haseł przedmiotowych/tezaurus: kaba
- inst. wprow. rek. khw: GD U/as
100 1# - Hasło - nazwa osobowa
- nazwa osobowa w formie ujednoliconej: Leszczyński, Jan
- dopowiedzenie inne niż daty biograficzne: (historyk).
372 ## - Field of activity
- Field: Historia.
- Auth control #: http://nukat.edu.pl/aut/s 94205867
- Source of term: kaba
374 ## - Occupation
- Occupation: Historycy.
- Auth control #: http://nukat.edu.pl/aut/s 94205772
- Source of term: kaba
670 ## - Źródło informacji
- źródło informacji: Rządy rosyjskie w Kraju Tarnopolskim 1809-1815 / przez Jana Leszczyńskiego. - Kraków, 1903.